[Event "Ambelokipi op 138th"]
[Site "Athens"]
[Date "2013.09.28"]
[Round "3"]
[White "Zivas, Konstantinos"]
[Black "Ilandzis, Spyridon"]
[Result "0-1"]
[WhiteElo "1874"]
[BlackElo "2196"]
[PlyCount "50"]
[EventDate "2013.09.14"]
[EventType "swiss"]
[EventRounds "7"]
[EventCountry "GRE"]
[SourceTitle "EXT 2024"]
[Source "ChessBase"]
[SourceDate "2023.10.10"]
[SourceVersion "1"]
[SourceVersionDate "2023.10.10"]
[SourceQuality "1"]

1. e4 d5 2. exd5 Qxd5 3. Nc3 Qa5 4. d4 Nf6 5. Bc4 Bg4 6. f3 Bf5 7. Nge2 e6 8. 0-0 Nc6 9. Bd2 Qb4 10. b3 Qd6 11. Nb5 Qd7 12. Bf4 Rc8 13. Ng3 Bg6 14. d5 exd5 15. Qe1+ Be7 16. Rd1 0-0 17. Bxd5 Nxd5 18. c4 Bc5+ 19. Kh1 Ncb4 20. Nxc7 Rxc7 21. Bxc7 Nd3 22. Ba5 Nxe1 23. Rfxe1 Re8 24. Rxe8+ Qxe8 25. cxd5 Bd6 0-1

[Event "Ambelokipi op 138th"]
[Site "Athens"]
[Date "2013.09.21"]
[Round "2"]
[White "Asvestas, Stavros M"]
[Black "Zivas, Konstantinos"]
[Result "0-1"]
[WhiteElo "1485"]
[BlackElo "1874"]
[PlyCount "54"]
[EventDate "2013.09.14"]
[EventType "swiss"]
[EventRounds "7"]
[EventCountry "GRE"]
[SourceTitle "EXT 2024"]
[Source "ChessBase"]
[SourceDate "2023.10.10"]
[SourceVersion "1"]
[SourceVersionDate "2023.10.10"]
[SourceQuality "1"]

1. e4 c6 2. c4 d5 3. d4 dxe4 4. Bf4 Nf6 5. Nc3 Bf5 6. h3 e6 7. g4 Bg6 8. Nge2 Bd6 9. Qd2 Na6 10. a3 Qe7 11. Bg5 e5 12. b4 exd4 13. Nxd4 Rd8 14. 0-0-0 0-0 15. Be2 Be5 16. Qe3 Qc7 17. f4 exf3 18. Nxf3 Rxd1+ 19. Rxd1 Bxc3 20. Qxc3 Ne4 21. Qd4 c5 22. Qe3 cxb4 23. axb4 Nxb4 24. Bd3 Nxd3+ 25. Rxd3 Nxg5 26. Nxg5 Bxd3 27. Qxd3 Qf4+ 0-1

[Event "Fyli op 3rd"]
[Site "Fyli"]
[Date "2011.09.16"]
[Round "1"]
[White "Zivas, Konstantinos"]
[Black "Kouliouras, Ioannis"]
[Result "0-1"]
[WhiteElo "1477"]
[BlackElo "1665"]
[PlyCount "66"]
[EventDate "2011.09.16"]
[EventType "swiss"]
[EventRounds "7"]
[EventCountry "GRE"]
[SourceTitle "EXT 2013"]
[Source "ChessBase"]
[SourceDate "2012.11.22"]
[SourceVersion "1"]
[SourceVersionDate "2012.11.22"]
[SourceQuality "1"]

1. e4 a6 2. Nf3 b5 3. d4 Bb7 4. Bd3 Nf6 5. e5 Nd5 6. a3 e6 7. Bd2 c5 8. c3 Nc6 9. c4 bxc4 10. Bxc4 cxd4 11. Qb3 Na5 12. Bxa5 Qxa5+ 13. Nbd2 Nb6 14. Qd3 Nxc4 15. Qxc4 Bxf3 16. gxf3 Qxe5+ 17. Kf1 Be7 18. Nb3 0-0 19. Nxd4 Rfc8 20. Qd3 d5 21. Ne2 Qxb2 22. Kg2 Qe5 23. h4 f5 24. f4 Qf6 25. Qg3 Rc2 26. Rae1 Ra2 27. Nc1 Rxa3 28. Re3 Rxe3 29. fxe3 Rb8 30. Nd3 Qc3 31. Ne5 Rb2+ 32. Kf3 Qc2 33. Rd1 Qe4# 0-1

[Event "Nikaia op 19th"]
[Site "Nikaia"]
[Date "2011.08.27"]
[Round "2"]
[White "Zivas, Konstantinos"]
[Black "Koerant, Filipos"]
[Result "1-0"]
[WhiteElo "1823"]
[BlackElo "2103"]
[PlyCount "81"]
[EventDate "2011.08.26"]
[EventType "swiss"]
[EventRounds "9"]
[EventCountry "GRE"]
[SourceTitle "CBM 144 Extra"]
[Source "ChessBase"]
[SourceDate "2011.10.28"]
[SourceVersion "1"]
[SourceVersionDate "2011.10.28"]
[SourceQuality "1"]

1. e4 c5 2. Nf3 a6 3. Nc3 e6 4. d4 cxd4 5. Nxd4 Ne7 6. f4 Nec6 7. Nb3 Qc7 8. Bd3 d6 9. 0-0 Be7 10. Kh1 b5 11. Bd2 Nd7 12. a4 b4 13. Na2 Rb8 14. c3 Nc5 15. Nxc5 dxc5 16. cxb4 Nxb4 17. Nxb4 cxb4 18. Qe2 0-0 19. Rfc1 Qd7 20. Be3 Bb7 21. Rd1 Qc6 22. Rdc1 Qd7 23. Rd1 Qc7 24. a5 Rbc8 25. e5 Bc5 26. Rdc1 Qe7 27. Bxh7+ Kxh7 28. Qc2+ g6 29. Bxc5 Qd7 30. Qf2 Rfd8 31. Bxb4 Bd5 32. Rg1 Rh8 33. Ra3 Kg7 34. Rg3 Rh5 35. h3 Rch8 36. Kh2 Rh4 37. Bc3 R4h5 38. f5 Rc8 39. fxg6 Kf8 40. Bb4+ Ke8 41. g7 1-0

[Event "Fyli 1st"]
[Site "Fyli"]
[Date "2011.07.12"]
[Round "1"]
[White "Zivas, Konstantinos"]
[Black "Flouris, Periklis"]
[Result "0-1"]
[WhiteElo "1823"]
[BlackElo "1855"]
[PlyCount "104"]
[EventDate "2011.07.12"]
[EventType "tourn"]
[EventRounds "7"]
[EventCountry "GRE"]
[SourceTitle "EXT 2013"]
[Source "ChessBase"]
[SourceDate "2012.11.22"]
[SourceVersion "1"]
[SourceVersionDate "2012.11.22"]
[SourceQuality "1"]

1. e4 e5 2. Nf3 Nc6 3. Nc3 Nf6 4. Bb5 Bb4 5. d3 Nd4 6. Bc4 b5 7. a3 Bxc3+ 8. bxc3 Nxf3+ 9. Qxf3 bxc4 10. d4 d6 11. 0-0 0-0 12. Bg5 Re8 13. h3 Bb7 14. Rfd1 exd4 15. Rxd4 Re5 16. Bxf6 Qxf6 17. Qxf6 gxf6 18. Rxc4 Rc5 19. Rxc5 dxc5 20. f3 Rd8 21. Rb1 Ba6 22. Rb2 Rd1+ 23. Kf2 Ra1 24. Rb8+ Kg7 25. Ra8 Rxa3 26. Rxa7 c6 27. Rc7 Rxc3 28. Rxc6 Rxc2+ 29. Kg1 Bd3 30. Rd6 c4 31. Rd4 Rd2 32. f4 c3 33. Rd5 c2 34. Rc5 Rd1+ 35. Kf2 c1Q 36. Rxc1 Rxc1 37. Ke3 Ba6 38. g3 Rc3+ 39. Kf2 Bb7 40. e5 fxe5 41. fxe5 Kg6 42. e6 Kf6 43. exf7 Kxf7 44. g4 Kg6 45. g5 Kf5 46. Ke1 Rc2 47. Kf1 Kf4 48. h4 Bg2+ 49. Ke1 Ke3 50. h5 h6 51. g6 Bf3 52. Kf1 Rc1# 0-1

[Event "Heraklion op"]
[Site "Heraklion"]
[Date "2011.06.12"]
[Round "2"]
[White "Zivas, Konstantinos"]
[Black "Valden, Petros"]
[Result "0-1"]
[WhiteElo "1853"]
[BlackElo "2163"]
[PlyCount "74"]
[EventDate "2011.06.11"]
[EventType "swiss"]
[EventRounds "9"]
[EventCountry "GRE"]
[SourceTitle "CBM 142 Extra"]
[Source "ChessBase"]
[SourceDate "2011.06.27"]
[SourceVersion "1"]
[SourceVersionDate "2011.06.27"]
[SourceQuality "1"]

1. e4 c5 2. Nf3 d6 3. d4 cxd4 4. Nxd4 Nf6 5. Nc3 g6 6. Be3 Bg7 7. f3 Nc6 8. Qd2 0-0 9. Bc4 Bd7 10. 0-0-0 Qa5 11. Bb3 Rfc8 12. h4 Ne5 13. Kb1 b5 14. Ncxb5 Qxd2 15. Bxd2 Rab8 16. Nc3 Nc4 17. Bxc4 Rxc4 18. Nb3 Ra8 19. Bg5 Be6 20. Bxf6 exf6 21. Nb5 a5 22. Nxd6 Rb4 23. f4 f5 24. a3 Rb6 25. e5 Rab8 26. Ka1 Bxb3 27. cxb3 Rxb3 28. Rd2 Bh6 29. Rf2 Rd3 30. Rc1 f6 31. Rc5 fxe5 32. fxe5 Be3 33. Rfc2 Bxc5 34. Rxc5 Rd1+ 35. Ka2 Rd2 36. Rb5 Rxb5 37. Nxb5 Rxg2 0-1

[Event "Fyli op 2nd"]
[Site "Fyli"]
[Date "2011.05.27"]
[Round "6"]
[White "Zivas, Konstantinos"]
[Black "Dasaklis, Hristos"]
[Result "0-1"]
[WhiteElo "1000"]
[BlackElo "1482"]
[PlyCount "108"]
[EventDate "2011.04.15"]
[EventType "swiss"]
[EventRounds "7"]
[EventCountry "GRE"]
[SourceTitle "EXT 2013"]
[Source "ChessBase"]
[SourceDate "2012.11.22"]
[SourceVersion "1"]
[SourceVersionDate "2012.11.22"]
[SourceQuality "1"]

1. e4 d5 2. exd5 Qxd5 3. Nc3 Qa5 4. Nf3 Nf6 5. Bc4 Bf5 6. d3 c6 7. a3 e6 8. Bd2 Nbd7 9. 0-0 Qc7 10. Ne2 Bd6 11. Ng3 Bg4 12. h3 Bxf3 13. Qxf3 Ne5 14. Qe3 Nxc4 15. dxc4 0-0 16. Rfe1 Qb6 17. Qxb6 axb6 18. Ne4 Nxe4 19. Rxe4 Rfd8 20. Be3 Bc7 21. Rd4 Rxd4 22. Bxd4 Rd8 23. Be3 Kf8 24. c5 b5 25. Kf1 Be5 26. c3 f5 27. f4 Bf6 28. Ke2 e5 29. Rd1 Rxd1 30. Kxd1 e4 31. Bd4 Kf7 32. Be3 Ke6 33. Kd2 Kd5 34. Kc2 Be7 35. b4 Kc4 36. g3 g6 37. Bd4 Bf8 38. g4 fxg4 39. hxg4 h5 40. gxh5 gxh5 41. Kd2 Bh6 42. Ke3 Kd5 43. Bf6 Ke6 44. Bh4 Kf5 45. Bg3 Bg7 46. Be1 Bf6 47. Bd2 Bh8 48. Kf2 Bg7 49. Kg3 Bh6 50. Be3 h4+ 51. Kxh4 Bxf4 52. Bf2 e3 53. Be1 Ke4 54. Kg4 Be5 0-1

[Event "Fyli op 2nd"]
[Site "Fyli"]
[Date "2011.04.15"]
[Round "1"]
[White "Tsoukaraki, Athina"]
[Black "Zivas, Konstantinos"]
[Result "0-1"]
[WhiteElo "1487"]
[BlackElo "1000"]
[PlyCount "114"]
[EventDate "2011.04.15"]
[EventType "swiss"]
[EventRounds "7"]
[EventCountry "GRE"]
[SourceTitle "EXT 2013"]
[Source "ChessBase"]
[SourceDate "2012.11.22"]
[SourceVersion "1"]
[SourceVersionDate "2012.11.22"]
[SourceQuality "1"]

1. e4 e5 2. Nf3 Nc6 3. Nc3 Bc5 4. Bc4 d6 5. h3 Be6 6. Bb3 Nf6 7. d3 h6 8. Bd2 Qd7 9. Qe2 Nd4 10. Nxd4 exd4 11. Nd5 Bxd5 12. Bxd5 0-0-0 13. 0-0 Nxd5 14. exd5 a6 15. b4 Ba7 16. a4 Rde8 17. Qf3 Re5 18. Rfe1 Rhe8 19. Kf1 Kd8 20. b5 Qf5 21. Qxf5 Rxf5 22. bxa6 Rxe1+ 23. Rxe1 bxa6 24. Re4 Rxd5 25. Rg4 g5 26. h4 f5 27. Rg3 f4 28. Rh3 Rc5 29. hxg5 hxg5 30. Rh8+ Kd7 31. Rh7+ Kc6 32. Rg7 Rxc2 33. Be1 Rc5 34. Ke2 Re5+ 35. Kd2 Bb6 36. Kd1 Ba5 37. Bxa5 Rxa5 38. Ke2 Re5+ 39. Kf3 Kb6 40. Kg4 c5 41. Rd7 Kc6 42. Ra7 c4 43. Rxa6+ Kb7 44. Rxd6 c3 45. Rh6 Rc5 46. Rh1 Ka6 47. Kf3 Re5 48. Ra1 Ka5 49. g3 fxg3 50. Kxg3 Re2 51. Kf3 Rd2 52. Ke4 c2 53. Rc1 Kxa4 54. Kxd4 Kb3 55. Ke3 Rd1 56. Rxc2 Kxc2 57. d4 Kc3 0-1

[Event "West Attica-ch U16"]
[Site "Athens"]
[Date "2009.09.09"]
[Round "3"]
[White "Sarantopoulos, Panayiotis"]
[Black "Zivas, Konstantinos"]
[Result "1/2-1/2"]
[WhiteElo "1240"]
[BlackElo "1010"]
[PlyCount "36"]
[EventDate "2009.09.08"]
[EventType "swiss"]
[EventRounds "7"]
[EventCountry "GRE"]
[SourceTitle "EXT 2011"]
[Source "ChessBase"]
[SourceDate "2010.11.26"]
[SourceVersion "1"]
[SourceVersionDate "2010.11.26"]
[SourceQuality "1"]

1. Nf3 d5 2. d4 Nc6 3. Bf4 Bf5 4. e3 Nf6 5. Nc3 g6 6. Nb5 Rc8 7. Ne5 Bd7 8. Nxc6 bxc6 9. Nc3 Bg7 10. Bd3 0-0 11. Na4 Rb8 12. Nc5 Rxb2 13. Nb3 Qb8 14. Qc1 Qb4+ 15. Kf1 Qc3 16. Bxc7 Bf5 17. Bxf5 gxf5 18. Ba5 Qxc2 1/2-1/2

[Event "West Attica-ch U16"]
[Site "Athens"]
[Date "2009.09.08"]
[Round "2"]
[White "Zivas, Konstantinos"]
[Black "Tsoukaraki, Athina"]
[Result "1/2-1/2"]
[WhiteElo "1010"]
[BlackElo "1150"]
[PlyCount "108"]
[EventDate "2009.09.08"]
[EventType "swiss"]
[EventRounds "7"]
[EventCountry "GRE"]
[SourceTitle "EXT 2011"]
[Source "ChessBase"]
[SourceDate "2010.11.26"]
[SourceVersion "1"]
[SourceVersionDate "2010.11.26"]
[SourceQuality "1"]

1. e4 e5 2. Nf3 Nc6 3. Bb5 Nf6 4. Nc3 Bc5 5. d3 h6 6. Be3 Bxe3 7. fxe3 d6 8. d4 exd4 9. exd4 Bd7 10. 0-0 a6 11. Be2 Qe7 12. d5 Na7 13. Qd3 Nb5 14. Nxb5 Bxb5 15. c4 Bd7 16. Nd2 0-0 17. Qe3 Rfe8 18. Bd3 Qe5 19. b3 Ng4 20. Qg3 Qxg3 21. hxg3 Re5 22. Rf3 Rae8 23. Raf1 R8e7 24. Rf4 Nf6 25. Nf3 Nh5 26. Rh4 Nxg3 27. Nxe5 Rxe5 28. Rf3 Nh5 29. Re3 Nf6 30. Kh2 Ng4+ 31. Rxg4 Bxg4 32. Kg3 Bf5 33. Kf3 Bg6 34. b4 Rh5 35. c5 Kf8 36. c6 bxc6 37. dxc6 Rh1 38. Bxa6 Rc1 39. Bb7 f6 40. b5 Ke7 41. Bc8 Kd8 42. Be6 Bh5+ 43. g4 Be8 44. a4 Ra1 45. Bb3 h5 46. Re2 g5 47. Ra2 Rxa2 48. Bxa2 Kc8 49. a5 Kb8 50. Be6 h4 51. Bd5 Ka7 52. Be6 Kb8 53. Bd7 Bf7 54. b6 Bc4 1/2-1/2

[Event "GRE-ch U14"]
[Site "Kallithea"]
[Date "2009.06.28"]
[Round "5"]
[White "Megalios, Konstantinos"]
[Black "Zivas, Konstantinos"]
[Result "0-1"]
[WhiteElo "1722"]
[BlackElo "1818"]
[PlyCount "32"]
[EventDate "2009.06.25"]
[EventType "swiss"]
[EventRounds "9"]
[EventCountry "GRE"]
[SourceTitle "EXT 2011"]
[Source "ChessBase"]
[SourceDate "2010.11.26"]
[SourceVersion "1"]
[SourceVersionDate "2010.11.26"]
[SourceQuality "1"]

1. e4 g6 2. d4 Bg7 3. Nc3 d6 4. h3 a6 5. a4 b6 6. Nf3 Bb7 7. Bc4 e6 8. 0-0 Ne7 9. Re1 Nd7 10. Bg5 h6 11. Be3 0-0 12. Qd2 Kh7 13. Rad1 d5 14. Bd3 c5 15. b3 e5 16. Nxd5 Nxd5 0-1

[Event "GRE-ch U14"]
[Site "Kallithea"]
[Date "2009.06.28"]
[Round "6"]
[White "Zivas, Konstantinos"]
[Black "Zervas, Ilias"]
[Result "1/2-1/2"]
[WhiteElo "1818"]
[BlackElo "1857"]
[PlyCount "48"]
[EventDate "2009.06.25"]
[EventType "swiss"]
[EventRounds "9"]
[EventCountry "GRE"]
[SourceTitle "EXT 2011"]
[Source "ChessBase"]
[SourceDate "2010.11.26"]
[SourceVersion "1"]
[SourceVersionDate "2010.11.26"]
[SourceQuality "1"]

1. d4 Nf6 2. c4 g6 3. Nc3 d5 4. cxd5 Nxd5 5. e4 Nxc3 6. bxc3 Bg7 7. Qa4+ Nd7 8. Nf3 0-0 9. Be3 c5 10. Rd1 cxd4 11. cxd4 Nb6 12. Qa3 Bg4 13. Bg5 Re8 14. Bb5 Bd7 15. Bxd7 Qxd7 16. 0-0 h6 17. Bf4 Nc4 18. Qc1 Rac8 19. Bxh6 Nd6 20. Qf4 Bxh6 21. Qxh6 Nxe4 22. Rfe1 Nf6 23. Ng5 Qg4 24. Nf3 Qh5 1/2-1/2

[Event "Attica-ch U14"]
[Site "Athens"]
[Date "2008.12.30"]
[Round "7"]
[White "Michelakos, Panagiotis"]
[Black "Zivas, Konstantinos"]
[Result "1-0"]
[WhiteElo "1997"]
[BlackElo "1730"]
[PlyCount "49"]
[EventDate "2008.12.25"]
[EventType "swiss"]
[EventRounds "7"]
[EventCountry "GRE"]
[SourceTitle "EXT 2011"]
[Source "ChessBase"]
[SourceDate "2010.11.26"]
[SourceVersion "1"]
[SourceVersionDate "2010.11.26"]
[SourceQuality "1"]

1. e4 e6 2. d4 d5 3. Nd2 Nf6 4. e5 Nfd7 5. Bd3 c5 6. c3 Nc6 7. Ne2 Qb6 8. Nf3 Be7 9. 0-0 0-0 10. Nf4 cxd4 11. cxd4 a6 12. Bb1 Qa7 13. Qd3 g6 14. a3 b5 15. h4 Nxd4 16. Nxd4 Nxe5 17. Qc3 Nc4 18. Nc6 Qc7 19. Nxe7+ Qxe7 20. h5 d4 21. Qxd4 e5 22. Qe4 Bb7 23. Nd5 Bxd5 24. Qxd5 gxh5 25. b3 1-0

[Event "Attica-ch U14"]
[Site "Athens"]
[Date "2008.12.27"]
[Round "4"]
[White "Psaromiligkos, Konstantinos"]
[Black "Zivas, Konstantinos"]
[Result "0-1"]
[WhiteElo "1632"]
[BlackElo "1730"]
[PlyCount "114"]
[EventDate "2008.12.25"]
[EventType "swiss"]
[EventRounds "7"]
[EventCountry "GRE"]
[SourceTitle "EXT 2011"]
[Source "ChessBase"]
[SourceDate "2010.11.26"]
[SourceVersion "1"]
[SourceVersionDate "2010.11.26"]
[SourceQuality "1"]

1. c4 g6 2. g3 Bg7 3. Bg2 e5 4. Nc3 f5 5. d3 Ne7 6. e4 0-0 7. Nge2 Nbc6 8. 0-0 d6 9. Rb1 Be6 10. Nd5 Nd4 11. Nxd4 Bxd5 12. Nxf5 gxf5 13. exd5 Ng6 14. Qb3 Rb8 15. Be3 b6 16. Bh3 Nf4 17. gxf4 exf4 18. Bxf4 Qh4 19. Bxd6 cxd6 20. d4 Bxd4 21. Qg3+ Qxg3+ 22. hxg3 f4 23. Be6+ Kg7 24. Kg2 Rf6 25. g4 f3+ 26. Kg1 Be5 27. b3 Rg6 28. Rfe1 Rf8 29. Re3 h5 30. Kf1 hxg4 31. Ke1 Rh6 32. Kd1 Rh1+ 33. Kc2 Rxb1 34. Kxb1 g3 35. fxg3 f2 36. Bh3 f1Q+ 37. Bxf1 Rxf1+ 38. Kc2 Rg1 39. b4 Rxg3 40. Rxg3+ Bxg3 41. Kb3 Kf6 42. Ka4 Ke5 43. Kb5 Kd4 44. a4 Bf4 45. a5 bxa5 46. bxa5 a6+ 47. Kxa6 Kxc4 48. Kb7 Kxd5 49. a6 Be3 50. Kc7 Ke5 51. Kc6 d5 52. Kc7 Bc5 53. Kc6 Kd4 54. Kb5 Ba7 55. Kc6 Kc4 56. Kb7 Bc5 57. Kc6 d4 0-1